书目信息 |
| 题名: |
玩转户外
|
|
| 作者: | 李树 , 孔云峰 , 马一桦 编 | |
| 分册: | ||
| 出版信息: | 北京 中国旅游出版社 2005.03 |
|
| 页数: | 368页 | |
| 开本: | 19cm | |
| 丛书名: | 藏羚羊自助游 | |
| 单 册: | ||
| 中图分类: | G806 | |
| 科图分类: | ||
| 主题词: | 体育锻炼--ti yu duan lian--基本知识 | |
| 电子资源: | ||
| ISBN: | 7-5032-2573-4 | |
| 000 | 00922nam 2200265 450 | |
| 001 | 012006162838 | |
| 005 | 20060630112031.45 | |
| 010 | @a7-5032-2573-4@dCNY35.00 | |
| 100 | @a20060611d2005 km y0chiy0120 ea | |
| 101 | 0 | @achi |
| 102 | @aCN@b110000 | |
| 105 | @aab z 000yy | |
| 200 | 1 | @a玩转户外@Awan zhuan hu wai@f马一桦, 李树, 孔云峰编@Fma yi hua,li shu,kong yun feng bian |
| 210 | @a北京@c中国旅游出版社@d2005.03 | |
| 215 | @a368页@c图, 地图@d19cm | |
| 225 | 2 | @a藏羚羊自助游@Acang ling yang zi zhu you |
| 330 | @a本书分徒步篇、登山篇、登山滑雪篇、攀岩篇、汽车越野篇、骑行篇、溯溪篇、溪流篇、探洞篇等篇章介绍了户外运动的基本知识。 | |
| 410 | 0 | @12001 @a藏羚羊自助游 |
| 606 | 0 | @a体育锻炼@Ati yu duan lian@x基本知识 |
| 690 | @aG806@v4 | |
| 701 | 0 | @a李树@Ali shu@4编 |
| 701 | 0 | @a孔云峰@Akong yun feng@4编 |
| 701 | 0 | @a马一桦@Ama yi hua@4编 |
| 801 | 0 | @aCN@bQSSK@c20060630 |
| 905 | @a10447@dG806@eM213 | |
| 玩转户外/马一桦, 李树, 孔云峰编.-北京:中国旅游出版社,2005.03 |
| 368页:图, 地图;19cm.-(藏羚羊自助游) |
| ISBN 7-5032-2573-4:CNY35.00 |
| 本书分徒步篇、登山篇、登山滑雪篇、攀岩篇、汽车越野篇、骑行篇、溯溪篇、溪流篇、探洞篇等篇章介绍了户外运动的基本知识。 |
| ● |
| 相关链接 |
|
|
|
正题名:玩转户外
索取号:G806/M213
 
预约/预借
| 序号 | 登录号 | 条形码 | 馆藏地/架位号 | 状态 | 备注 |
| 1 | 583164 | 205831643 | 社科库409/409社科库 19排4列5层/ [索取号:G806/M213] | 在馆 | |
| 2 | 583165 | 205831652 | 体育教学部资料室/ [索取号:G806/M213] | 在馆 | |
| 3 | 583166 | 205831661 | 社科库409/409社科库 19排4列5层/ [索取号:G806/M213] | 在馆 |